00334nam a22000977a 4500008004100000082001800041110000900059245012400068260003500192300000900227230605b xxu||||| |||| 00| 0 eng d a325.2109bTAB d2005 aThe Moment of Truth? :bFive Cuban Political Prisoners: The Chase for a Fair TrialcNational Assembly of People's Power aCubabEditorial Imagenesc2005 a78 p